000 00531nam a2200193Ia 4500
008 101110s9999 xx 000 0 und d
041 _aENGLISH
082 _bSR18438
100 _aDani, Sabhlok
245 _aIndustrial Organisation and Management - T.Y.B.Com.
365 _b48
520 _aCommerce
546 _aENGLISH
630 _aIndustrial Organisation and Management - T.Y.B.Com.
650 _aCommerce
655 _aCommerce
730 _aIndustrial Organisation and Management - T.Y.B.Com.
942 _cBOOK
999 _c811907
_d811904